Social health insurance systems in western Europe

Bibliographic Details
Corporate Author: ProQuest (Firm)
Other Authors: Saltman, Richard B., Busse, Reinhard., Figueras, Josep, 1959-
Format: Electronic eBook
Language:English
Published: Maidenhead : Open University Press, 2004.
Series:European Observatory on Health Systems and Policies series.
Subjects:
Online Access:Click to View
LEADER 01460nam a2200385Ia 4500
001 EBC295463
003 MiAaPQ
005 20200520144314.0
006 m o d |
007 cr cn|||||||||
008 040610s2004 enk fs 000 0 eng d
020 |z 0335213642 (hbk.) 
020 |z 0335213634 (pbk.) 
035 |a (MiAaPQ)EBC295463 
035 |a (Au-PeEL)EBL295463 
035 |a (CaPaEBR)ebr10175227 
035 |a (CaONFJC)MIL94788 
035 |a (OCoLC)437181800 
040 |a MiAaPQ  |c MiAaPQ  |d MiAaPQ 
050 4 |a HG9399  |b .S63 2004 
082 0 4 |a 368.420094  |2 22 
245 0 0 |a Social health insurance systems in western Europe  |h [electronic resource] /  |c edited by Richard B. Saltman, Reinhard Busse and Josep Figueras. 
260 |a Maidenhead :  |b Open University Press,  |c 2004. 
300 |a xv, 310 p. 
490 1 |a European Observatory on Health Systems and Policies series 
533 |a Electronic reproduction. Ann Arbor, MI : ProQuest, 2015. Available via World Wide Web. Access may be limited to ProQuest affiliated libraries. 
650 0 |a Health insurance  |z Europe. 
650 0 |a Public health. 
655 4 |a Electronic books. 
700 1 |a Saltman, Richard B. 
700 1 |a Busse, Reinhard. 
700 1 |a Figueras, Josep,  |d 1959- 
710 2 |a ProQuest (Firm) 
830 0 |a European Observatory on Health Systems and Policies series. 
856 4 0 |u https://ebookcentral.proquest.com/lib/matrademy/detail.action?docID=295463  |z Click to View